Boj proti vyhýbaniu sa daňovým povinnostiam - legislatíva v EÚ a SR
Viacrýchlostná, resp. dvojrýchlostná Európska únia a daňová politika. Vývoj a súčasný stav zavádzania modelu CCCTB (koncept spoločného konsolidovaného daňového základu korporácií). Boj proti agresívnemu daňovému plánovaniu. Komplex opatrení proti vyhýbaniu sa daňovým povinnostiam - ATAP. Porovnanie...
Enregistré dans:
| Auteur principal: | |
|---|---|
| Format: | Chapitre de livre |
| Langue: | slovaque |
| Sujets: | |
| Tags: |
Pas de tags, Soyez le premier à ajouter un tag!
|
MARC
| LEADER | 00000naa$a2200000$$$4500 | ||
|---|---|---|---|
| 001 | 0237744 | ||
| 005 | 20240502073838.1 | ||
| 041 | 0 | |a slo | |
| 044 | |a SK | ||
| 245 | 1 | 0 | |a Boj proti vyhýbaniu sa daňovým povinnostiam - legislatíva v EÚ a SR |c Gizela Lénártová |
| 520 | |a Viacrýchlostná, resp. dvojrýchlostná Európska únia a daňová politika. Vývoj a súčasný stav zavádzania modelu CCCTB (koncept spoločného konsolidovaného daňového základu korporácií). Boj proti agresívnemu daňovému plánovaniu. Komplex opatrení proti vyhýbaniu sa daňovým povinnostiam - ATAP. Porovnanie pravidiel nízkej kapitalizácie podľa smernice ATAD a daňovej legislatívy SR. | ||
| 610 | 2 | 0 | |a dane z príjmov |
| 610 | 2 | 0 | |a povinnosť daňová |
| 610 | 2 | 0 | |a regulácia |
| 610 | 2 | 0 | |a smernice |
| 610 | 2 | 0 | |a politika daňová |
| 610 | 2 | 0 | |a kapitalizácia |
| 610 | 2 | 0 | |a Európska únia |
| 610 | 2 | 0 | |a Slovensko |
| 100 | 1 | |a Lénártová, Gizela | |